| 000 | 00807nam a2200241Ia 4500 | ||
|---|---|---|---|
| 003 | GCL | ||
| 008 | 140319s9999 xx 000 0 ara d | ||
| 040 |
_aGCL / _cGCL |
||
| 082 | 0 | 4 |
_a320.9 _bع د |
| 100 | 1 | _aصلاح العقاد | |
| 245 | 1 | 0 |
_aدبلوماسية السلام فى الشرق الاوسط مؤتمر كامب ديفيد000 رؤية علمية / _cصلاح العقاد |
| 700 | 1 | _aابراهيم البحراوى | |
| 700 | 1 | _aعبدالعزيز سليمان نوار | |
| 260 |
_a[S.N] : _bجامعة عين شمس ، _c1978 |
||
| 300 | _a303 ص | ||
| 490 | _a | ||
| 650 | 0 | 4 | _aمصر |
| 650 | 0 | 4 | _aالولايات المتحدة الامريكية |
| 650 | 0 | 4 | _aاسرائيل |
| 650 | 0 | 4 | _aاتفاقيات كامب ديفيد |
| 650 | 0 | 4 | _aوثائق |
| 942 |
_2ddc _cBK |
||
| 999 |
_c34686 _d34686 |
||